[Event "22. Torneo Int. Collado Villalba"]
[Site "Collado Villalba ESP"]
[Date "2005.08.22"]
[Round "3.1"]
[White "Timoshenko, Georgy"]
[Black "Bruned, Yvain"]
[Result "1-0"]
[WhiteElo "2543"]
[BlackElo "2328"]
[PlyCount "105"]
[EventDate "2005.08.20"]
[EventType "swiss"]
[EventRounds "9"]
[EventCountry "ESP"]
[Source "lmi"]
[SourceDate "2005.08.27"]

1. d4 Nf6 2. c4 e6 3. Nf3 b6 4. a3 Ba6 5. Qc2 Bb7 6. Nc3 c5 7. e4 cxd4 8. Nxd4
Bc5 9. Nb3 Nc6 10. Bf4 O-O 11. Rd1 e5 12. Bg5 Nd4 13. Nxd4 exd4 14. Nd5 Bxd5
15. cxd5 Rc8 16. Qd3 Qe7 17. Bxf6 gxf6 18. Qg3+ Kh8 19. Bd3 f5 20. e5 Rg8 21.
Qf4 Rce8 22. O-O Qxe5 23. Qxf5 Qxf5 24. Bxf5 Re5 25. Bxd7 Rxd5 26. Bc6 Rd6 27.
Bb5 a5 28. Rd3 Rgg6 29. g3 Rd8 30. Bc4 Kg7 31. Re1 Rgd6 32. Kg2 R6d7 33. Re4 f6
34. Rg4+ Kh8 35. h4 a4 36. Bb5 Ra7 37. Rf3 Be7 38. Re4 Kg7 39. Re6 Bc5 40. h5
Rf8 41. g4 h6 42. Rf5 Raa8 43. Rc6 Ra7 44. Rd5 Re8 45. f4 Ree7 46. g5 hxg5 47.
fxg5 fxg5 48. Rxg5+ Kh8 49. Bd3 Rg7 50. Rh6+ Kg8 51. Bc4+ Kf8 52. Rh8+ Ke7 53.
Rxg7+ 1-0

[Event "22. Torneo Int. Collado Villalba"]
[Site "Collado Villalba ESP"]
[Date "2005.08.22"]
[Round "3.2"]
[White "Moreno Ruiz, Javier"]
[Black "Alonso Fernandez, Marcos"]
[Result "1/2-1/2"]
[WhiteElo "2503"]
[BlackElo "2214"]
[PlyCount "44"]
[EventDate "2005.08.20"]
[EventType "swiss"]
[EventRounds "9"]
[EventCountry "ESP"]
[Source "lmi"]
[SourceDate "2005.08.27"]

1. d4 d5 2. c4 e6 3. Nc3 Be7 4. cxd5 exd5 5. Bf4 c6 6. e3 Bf5 7. Nge2 Nf6 8. h3
O-O 9. Ng3 Bg6 10. h4 h6 11. h5 Bh7 12. Bd3 Bxd3 13. Qxd3 Na6 14. Nf5 Nb4 15.
Qe2 c5 16. dxc5 Bxc5 17. a3 Nc6 18. O-O-O Ne7 19. Qd3 Rc8 20. Kb1 Bxa3 21.
Nxe7+ Bxe7 22. Nxd5 Nxd5 1/2-1/2

[Event "22. Torneo Int. Collado Villalba"]
[Site "Collado Villalba ESP"]
[Date "2005.08.22"]
[Round "3.3"]
[White "Belezky, Sasha"]
[Black "Vazquez, Renier"]
[Result "0-1"]
[WhiteElo "2361"]
[BlackElo "2496"]
[PlyCount "102"]
[EventDate "2005.08.20"]
[EventType "swiss"]
[EventRounds "9"]
[EventCountry "ESP"]
[Source "lmi"]
[SourceDate "2005.08.27"]

1. d4 Nf6 2. c4 e6 3. Nf3 d5 4. Nc3 Be7 5. Bg5 O-O 6. e3 h6 7. Bh4 b6 8. Rc1
Bb7 9. cxd5 Nxd5 10. Nxd5 Bxd5 11. Bxe7 Qxe7 12. Bc4 Bxf3 13. Qxf3 Qb4+ 14. Kd1
Nd7 15. Bb3 c5 16. Rc4 Qb5 17. Kc1 a5 18. Qd1 Rfd8 19. a4 Qc6 20. Qf1 Rab8 21.
Rc3 Nf6 22. f3 Qd6 23. dxc5 Qd2+ 24. Kb1 bxc5 25. e4 Rd4 26. Rg1 c4 27. Rc2 Qb4
28. Bxc4 Qxa4 29. Qc1 Rbd8 30. Be2 Qb4 31. Rd1 Rxd1 32. Bxd1 g5 33. Be2 Kg7 34.
Rc4 Qd6 35. g3 Qb6 36. h4 Qf2 37. hxg5 Qxe2 38. gxf6+ Kg6 39. Qc2 Rd1+ 40. Ka2
Rd2 41. Qc1 Rxb2+ 42. Ka3 Ra2+ 43. Kb3 Rd2 44. e5 Qxf3+ 45. Ka4 Qd1+ 46. Qxd1
Rxd1 47. Rg4+ Kf5 48. Rg7 Rd7 49. Rh7 Kxe5 50. Rxh6 Ra7 51. Kb3 Kf5 0-1

[Event "22. Torneo Int. Collado Villalba"]
[Site "Collado Villalba ESP"]
[Date "2005.08.22"]
[Round "3.4"]
[White "Neelotpal, Das"]
[Black "Castillo Gallego, Sergio"]
[Result "1-0"]
[WhiteElo "2467"]
[BlackElo "2211"]
[PlyCount "73"]
[EventDate "2005.08.20"]
[EventType "swiss"]
[EventRounds "9"]
[EventCountry "ESP"]
[Source "lmi"]
[SourceDate "2005.08.27"]

1. e4 e5 2. Nf3 Nc6 3. Bb5 a6 4. Ba4 d6 5. Bxc6+ bxc6 6. d4 exd4 7. Qxd4 c5 8.
Qd3 g6 9. Bg5 f6 10. Be3 Bg7 11. Nc3 Ne7 12. Qd2 Rb8 13. O-O-O h6 14. Bxc5 Nc6
15. Ba3 Bg4 16. b3 h5 17. Kb1 Qd7 18. Bb2 O-O 19. h3 Bxf3 20. gxf3 a5 21. Rhg1
Kh7 22. Nd5 a4 23. Rg3 Ne5 24. Bxe5 fxe5 25. Qg5 Qf7 26. Rdg1 Bf6 27. Qxg6+
Qxg6 28. Rxg6 Bh4 29. Rg7+ Kh8 30. R7g6 Rf7 31. R1g2 a3 32. Ne3 Rbf8 33. Nf5
Bd8 34. Ng7 Rf6 35. R6g5 Rh6 36. Rxh5 Rxh5 37. Nxh5 1-0

[Event "22. Torneo Int. Collado Villalba"]
[Site "Collado Villalba ESP"]
[Date "2005.08.22"]
[Round "3.5"]
[White "Rivas Pastor, Manuel"]
[Black "Cabañas Jimenez, Andres"]
[Result "1-0"]
[WhiteElo "2445"]
[BlackElo "2141"]
[PlyCount "83"]
[EventDate "2005.08.20"]
[EventType "swiss"]
[EventRounds "9"]
[EventCountry "ESP"]
[Source "lmi"]
[SourceDate "2005.08.27"]

1. c4 Nf6 2. Nc3 d5 3. cxd5 Nxd5 4. Nf3 g6 5. Qa4+ Nc6 6. Ne5 Nxc3 7. dxc3 Bd7
8. Nxd7 Qxd7 9. g3 Ne5 10. Qe4 Qc6 11. Qxc6+ Nxc6 12. Bg2 O-O-O 13. Be3 a6 14.
Bxc6 bxc6 15. Bd4 f6 16. f4 Bg7 17. O-O-O h5 18. Kc2 Rd7 19. e4 e5 20. fxe5
fxe5 21. Be3 Rxd1 22. Rxd1 Rf8 23. Rg1 Rf3 24. Kd2 Bf8 25. Rd1 Be7 26. Ke2 Rf8
27. h3 Rg8 28. b3 Rf8 29. c4 Rh8 30. c5 Rf8 31. b4 Rh8 32. Rf1 Rf8 33. Rxf8+
Bxf8 34. Bg5 Bg7 35. Kd3 Kb7 36. Kc4 Kc8 37. Kb3 Kb7 38. Ka4 Ka7 39. g4 Kb7 40.
Ka5 Bh8 41. Be7 Bg7 42. g5 1-0

[Event "22. Torneo Int. Collado Villalba"]
[Site "Collado Villalba ESP"]
[Date "2005.08.22"]
[Round "3.6"]
[White "Bermejo Collado, Julian"]
[Black "Pogorelov, Ruslan"]
[Result "1-0"]
[WhiteElo "2318"]
[BlackElo "2442"]
[PlyCount "125"]
[EventDate "2005.08.20"]
[EventType "swiss"]
[EventRounds "9"]
[EventCountry "ESP"]
[Source "lmi"]
[SourceDate "2005.08.27"]

1. d4 Nf6 2. c4 e6 3. Nf3 b6 4. g3 Ba6 5. Qb3 c6 6. Bg5 d5 7. cxd5 cxd5 8. Bxf6
gxf6 9. e3 Bxf1 10. Kxf1 Nc6 11. Nc3 Na5 12. Qd1 Rc8 13. Rc1 Be7 14. Kg2 O-O
15. Rc2 Qd7 16. Qd3 Nc4 17. Nd2 b5 18. Ne2 Nxd2 19. Qxd2 Rxc2 20. Qxc2 Rc8 21.
Qd2 Bd6 22. Rc1 Rc4 23. b3 Rc7 24. Rc2 Qc8 25. Rxc7 Qxc7 26. Qc1 Qxc1 27. Nxc1
f5 28. Nd3 a5 29. Kf3 Kf8 30. h3 Ke7 31. Ne5 a4 32. g4 axb3 33. axb3 fxg4+ 34.
hxg4 f6 35. Nd3 b4 36. e4 Kf7 37. e5 Be7 38. Kg3 Kg6 39. f4 f5 40. g5 h6 41.
gxh6 Kxh6 42. Nc5 Bd8 43. Nxe6 Bb6 44. Kf3 Kg6 45. Ke3 Kf7 46. Nc5 Bd8 47. Na6
Ba5 48. Nb8 Bd8 49. Nc6 Bh4 50. Nxb4 Ke6 51. Na6 Kd7 52. Nc5+ Ke7 53. b4 Be1
54. b5 Ba5 55. Kf3 Bb6 56. Kg3 Kf7 57. Nd7 Bxd4 58. b6 Ke6 59. b7 Ba7 60. b8=Q
Bxb8 61. Nxb8 d4 62. Nc6 d3 63. Kf3 1-0

[Event "22. Torneo Int. Collado Villalba"]
[Site "Collado Villalba ESP"]
[Date "2005.08.22"]
[Round "3.7"]
[White "Mateo, Ramon"]
[Black "Martin Martin, Luis Vicente"]
[Result "1/2-1/2"]
[WhiteElo "2434"]
[BlackElo "2136"]
[PlyCount "85"]
[EventDate "2005.08.20"]
[EventType "swiss"]
[EventRounds "9"]
[EventCountry "ESP"]
[Source "lmi"]
[SourceDate "2005.08.27"]

1. e4 e6 2. d4 d5 3. Nc3 dxe4 4. Nxe4 Nd7 5. Nf3 Ngf6 6. Nxf6+ Nxf6 7. Bd3 c5
8. O-O cxd4 9. Nxd4 Be7 10. Re1 O-O 11. c3 Bd7 12. Qf3 Qc8 13. Qg3 Re8 14. Bg5
Nh5 15. Qh4 Bxg5 16. Qxg5 g6 17. Rad1 Qd8 18. Qe3 Qa5 19. a4 a6 20. Nb3 Qc7 21.
Nc5 Bc6 22. b4 Nf4 23. Bf1 b6 24. Nxa6 Rxa6 25. Bxa6 Nxg2 26. Qe5 Qxe5 27. Rxe5
Nh4 28. Be2 Bxa4 29. Ra1 Bc6 30. b5 Bd5 31. c4 Bxc4 32. Ra6 Rb8 33. f4 Bd5 34.
Kf2 Nf5 35. Bf1 Kg7 36. Re1 Kf6 37. Rc1 Rb7 38. Bd3 g5 39. Bxf5 Kxf5 40. fxg5
Kxg5 41. Ke3 f5 42. Kd4 Kf6 43. Rc3 1/2-1/2

[Event "22. Torneo Int. Collado Villalba"]
[Site "Collado Villalba ESP"]
[Date "2005.08.22"]
[Round "3.10"]
[White "Bruned, Boris"]
[Black "Caruana, Fabiano"]
[Result "0-1"]
[WhiteElo "2212"]
[BlackElo "2381"]
[PlyCount "62"]
[EventDate "2005.08.20"]
[EventType "swiss"]
[EventRounds "9"]
[EventCountry "ESP"]
[Source "lmi"]
[SourceDate "2005.08.27"]

1. e4 e6 2. d4 d5 3. Nc3 Bb4 4. e5 c5 5. a3 Bxc3+ 6. bxc3 Ne7 7. Qg4 Qc7 8.
Qxg7 Rg8 9. Qxh7 cxd4 10. Ne2 Nbc6 11. f4 Bd7 12. Qd3 dxc3 13. Nxc3 a6 14. Rb1
Na5 15. h4 Nc4 16. Rh3 O-O-O 17. h5 Nf5 18. Qf3 Bc6 19. Qe2 Ng3 20. Qd3 Nxf1
21. Kxf1 d4 22. Ne4 Rg4 23. Ng3 Bb5 24. Rxb5 axb5 25. Ne4 Qc6 26. Qe2 Nxe5 27.
Nf6 d3 28. Qd2 dxc2 29. Rc3 Rxf4+ 30. Qxf4 Rd1+ 31. Kf2 Qxc3 0-1

[Event "22. Torneo Int. Collado Villalba"]
[Site "Collado Villalba ESP"]
[Date "2005.08.22"]
[Round "3.11"]
[White "Pastor Alonso De Prado, Alberto"]
[Black "Suba, Mihai"]
[Result "0-1"]
[WhiteElo "2206"]
[BlackElo "2520"]
[PlyCount "34"]
[EventDate "2005.08.20"]
[EventType "swiss"]
[EventRounds "9"]
[EventCountry "ESP"]
[Source "lmi"]
[SourceDate "2005.08.27"]

1. d4 Nf6 2. c4 e6 3. Nc3 Bb4 4. Qc2 O-O 5. Bg5 c5 6. dxc5 Qa5 7. Bxf6 gxf6 8.
Rc1 Qxa2 9. Qd2 Qxc4 10. Qh6 Qxc5 11. Qxf6 Nc6 12. Nf3 Qe7 13. Qh6 f5 14. e3
Qg7 15. Qf4 d5 16. Be2 e5 17. Qh4 d4 0-1

[Event "22. Torneo Int. Collado Villalba"]
[Site "Collado Villalba ESP"]
[Date "2005.08.23"]
[Round "4.1"]
[White "Rivas Pastor, Manuel"]
[Black "Timoshenko, Georgy"]
[Result "1/2-1/2"]
[WhiteElo "2445"]
[BlackElo "2543"]
[PlyCount "78"]
[EventDate "2005.08.20"]
[EventType "swiss"]
[EventRounds "9"]
[EventCountry "ESP"]
[Source "lmi"]
[SourceDate "2005.08.27"]

1. d4 Nf6 2. c4 g6 3. Nc3 Bg7 4. e4 d6 5. Be2 O-O 6. Be3 e5 7. d5 a5 8. g4 Na6
9. g5 Nd7 10. h4 f5 11. f3 Ndc5 12. Nh3 c6 13. Nf2 cxd5 14. cxd5 Bd7 15. Bb5
Bxb5 16. Nxb5 a4 17. Qe2 Qa5+ 18. Nc3 a3 19. O-O axb2 20. Qxb2 Rac8 21. Rac1
fxe4 22. Ncxe4 Rxf3 23. Qe2 Rff8 24. Nxd6 Rcd8 25. Nb5 b6 26. d6 Kh8 27. Rfd1
Ne6 28. Bd2 Qa4 29. Qc4 Qxc4 30. Rxc4 Nd4 31. Nxd4 exd4 32. Rc6 Nb8 33. Rxb6
Nd7 34. Rb5 Ne5 35. Kg2 Nc4 36. Ne4 Rfe8 37. Kf3 Re6 38. Bf4 Rf8 39. Nf6 Bxf6
1/2-1/2

[Event "22. Torneo Int. Collado Villalba"]
[Site "Collado Villalba ESP"]
[Date "2005.08.23"]
[Round "4.2"]
[White "Vazquez, Renier"]
[Black "Bermejo Collado, Julian"]
[Result "1-0"]
[WhiteElo "2496"]
[BlackElo "2318"]
[PlyCount "95"]
[EventDate "2005.08.20"]
[EventType "swiss"]
[EventRounds "9"]
[EventCountry "ESP"]
[Source "lmi"]
[SourceDate "2005.08.27"]

1. d4 d6 2. Nf3 Bg4 3. c4 Nd7 4. Qb3 Rb8 5. h3 Bh5 6. g4 Bg6 7. Nc3 c6 8. Bg2
Qc7 9. Be3 e6 10. d5 exd5 11. cxd5 c5 12. Nd2 a6 13. f4 f5 14. Bf2 Ngf6 15. g5
Ng8 16. h4 Bh5 17. O-O Ne7 18. e4 b5 19. Rae1 Kd8 20. Bh3 g6 21. Qc2 Bg7 22.
exf5 Nxf5 23. Bxf5 gxf5 24. Qxf5 Bg6 25. Qe6 Re8 26. Qg4 Rf8 27. Nde4 Bf5 28.
Qf3 Kc8 29. b4 cxb4 30. Ne2 Bxe4 31. Qxe4 Kb7 32. Rc1 Bc3 33. Qxh7 Rh8 34. Qf5
Rbf8 35. Qh3 Nc5 36. a3 Qf7 37. Nxc3 bxc3 38. Rxc3 Rc8 39. Bxc5 dxc5 40. d6 Qg7
41. Rd3 c4 42. Rd5 Rhd8 43. d7 Rc7 44. f5 Rdxd7 45. f6 Qf7 46. Rxd7 Rxd7 47.
Qg2+ Kb6 48. g6 1-0

[Event "22. Torneo Int. Collado Villalba"]
[Site "Collado Villalba ESP"]
[Date "2005.08.23"]
[Round "4.4"]
[White "Suba, Mihai"]
[Black "Andres Gonzalez, Ivan"]
[Result "1-0"]
[WhiteElo "2520"]
[BlackElo "2314"]
[PlyCount "63"]
[EventDate "2005.08.20"]
[EventType "swiss"]
[EventRounds "9"]
[EventCountry "ESP"]
[Source "lmi"]
[SourceDate "2005.08.27"]

1. c4 c6 2. e4 d5 3. cxd5 cxd5 4. exd5 Nf6 5. Nc3 g6 6. Bc4 Bg7 7. Nge2 O-O 8.
O-O Nbd7 9. d3 a6 10. a4 b6 11. Nf4 Bb7 12. Re1 Rc8 13. Bd2 Ne8 14. Rc1 Nd6 15.
Ba2 b5 16. b4 Nb6 17. a5 Bxc3 18. Bxc3 Na4 19. Ba1 Qd7 20. h3 Rxc1 21. Qxc1 Nf5
22. Bb3 Rc8 23. Qd2 Qd6 24. Be5 Qd7 25. Kf1 Ba8 26. g4 Nd6 27. Bd4 Rc7 28. Nxg6
hxg6 29. Qh6 f6 30. Qxg6+ Kf8 31. Be3 Nf7 32. d6 1-0

[Event "22. Torneo Int. Collado Villalba"]
[Site "Collado Villalba ESP"]
[Date "2005.08.23"]
[Round "4.5"]
[White "Garcia Paolicchi, Raul"]
[Black "Moreno Ruiz, Javier"]
[Result "0-1"]
[WhiteElo "2258"]
[BlackElo "2503"]
[PlyCount "46"]
[EventDate "2005.08.20"]
[EventType "swiss"]
[EventRounds "9"]
[EventCountry "ESP"]
[Source "lmi"]
[SourceDate "2005.08.27"]

1. d4 d5 2. c4 dxc4 3. e3 e5 4. Bxc4 exd4 5. exd4 Nf6 6. Nf3 Bd6 7. O-O O-O 8.
Bg5 h6 9. Bh4 Nc6 10. Nbd2 g5 11. Bg3 Bxg3 12. fxg3 Nxd4 13. Ne5 Be6 14. Rc1
Kg7 15. Qe1 Bxc4 16. Ndxc4 Qd5 17. Rd1 Rad8 18. Kh1 Ne4 19. Rf5 f6 20. Ne3 Qe6
21. Rxd4 Rxd4 22. Nf3 Rd3 23. g4 Rxe3 0-1

[Event "22. Torneo Int. Collado Villalba"]
[Site "Collado Villalba ESP"]
[Date "2005.08.23"]
[Round "4.6"]
[White "Alonso Fernandez, Marcos"]
[Black "Mateo, Ramon"]
[Result "0-1"]
[WhiteElo "2214"]
[BlackElo "2434"]
[PlyCount "54"]
[EventDate "2005.08.20"]
[EventType "swiss"]
[EventRounds "9"]
[EventCountry "ESP"]
[Source "lmi"]
[SourceDate "2005.08.27"]

1. d4 Nf6 2. Nf3 b5 3. e3 a6 4. a4 b4 5. c4 e6 6. Nbd2 Bb7 7. Bd3 c5 8. O-O d6
9. b3 Nbd7 10. Bb2 Be7 11. Qe2 O-O 12. e4 cxd4 13. Nxd4 Nc5 14. Bc2 Nfd7 15. f4
Bf6 16. N2f3 e5 17. Nf5 exf4 18. N3d4 Be5 19. Qg4 Qf6 20. Rxf4 Ne6 21. Rff1
Nxd4 22. Rad1 Nxf5 23. Rxf5 Qh6 24. Bc1 Qxh2+ 25. Kf2 Nf6 26. Qf3 Qh4+ 27. g3
Qh2+ 0-1

[Event "22. Torneo Int. Collado Villalba"]
[Site "Collado Villalba ESP"]
[Date "2005.08.23"]
[Round "4.7"]
[White "Minzer, Claudio Javier"]
[Black "Martin Rueda, Daniel"]
[Result "0-1"]
[WhiteElo "2428"]
[BlackElo "2279"]
[PlyCount "58"]
[EventDate "2005.08.20"]
[EventType "swiss"]
[EventRounds "9"]
[EventCountry "ESP"]
[Source "lmi"]
[SourceDate "2005.08.27"]

1. d4 d5 2. c4 c6 3. Nc3 Nf6 4. e3 a6 5. Nf3 b5 6. c5 Bf5 7. Ne5 h6 8. g4 Bh7
9. b4 Nfd7 10. a4 Nxe5 11. dxe5 Nd7 12. f4 e6 13. h4 Be7 14. g5 Bf5 15. Rg1
hxg5 16. hxg5 a5 17. e4 axb4 18. exf5 bxc3 19. f6 gxf6 20. gxf6 Bxc5 21. Rg7
Qa5 22. Qg4 c2+ 23. Bd2 Bb4 24. Rxf7 Bxd2+ 25. Kf2 O-O-O 26. Qxe6 Be1+ 27. Rxe1
Qxe1+ 28. Kxe1 c1=Q+ 29. Kf2 Qxf4+ 0-1

[Event "22. Torneo Int. Collado Villalba"]
[Site "Collado Villalba ESP"]
[Date "2005.08.23"]
[Round "4.8"]
[White "Roa Alonso, Santiago"]
[Black "Perez Gonzalez, Jose Manuel"]
[Result "1/2-1/2"]
[WhiteElo "2383"]
[BlackElo "2278"]
[PlyCount "80"]
[EventDate "2005.08.20"]
[EventType "swiss"]
[EventRounds "9"]
[EventCountry "ESP"]
[Source "lmi"]
[SourceDate "2005.08.27"]

1. d4 g6 2. e4 d6 3. Nc3 Nf6 4. Bg5 Bg7 5. f4 h6 6. Bh4 c5 7. e5 Nh5 8. dxc5
Nxf4 9. exd6 Bxc3+ 10. bxc3 Nc6 11. dxe7 Qxd1+ 12. Rxd1 g5 13. Bg3 Bg4 14. Be2
Nxe2 15. Nxe2 Nxe7 16. Rb1 Bxe2 17. Kxe2 O-O-O 18. Rhe1 Nf5 19. Bf2 Rhe8+ 20.
Kf1 Ng7 21. Rxe8 Rxe8 22. Rb4 Re6 23. Ra4 a6 24. g4 Rc6 25. Re4 Ne6 26. Re5 Kd7
27. Be3 Nc7 28. Rf5 Ke7 29. Bd4 Re6 30. Kf2 Nb5 31. a4 Nxd4 32. cxd4 Re4 33. c3
Rxg4 34. Re5+ Kd7 35. Rd5+ Ke7 36. c6 bxc6 37. Ra5 Rh4 38. Rxa6 c5 39. dxc5 Rc4
40. Rxh6 Rxc5 1/2-1/2

[Event "22. Torneo Int. Collado Villalba"]
[Site "Collado Villalba ESP"]
[Date "2005.08.23"]
[Round "4.9"]
[White "Martin Martin, Luis Vicente"]
[Black "Gonzalez Menendez, Ivan"]
[Result "0-1"]
[WhiteElo "2136"]
[BlackElo "2381"]
[PlyCount "92"]
[EventDate "2005.08.20"]
[EventType "swiss"]
[EventRounds "9"]
[EventCountry "ESP"]
[Source "lmi"]
[SourceDate "2005.08.27"]

1. e4 e6 2. d4 d5 3. Nd2 Nf6 4. e5 Nfd7 5. Bd3 c5 6. c3 Nc6 7. Ne2 cxd4 8. cxd4
f6 9. exf6 Nxf6 10. O-O Bd6 11. f4 O-O 12. Nf3 Qb6 13. Kh1 Bd7 14. Nc3 Rae8 15.
a3 Re7 16. Be3 Be8 17. Na4 Qc7 18. Ne5 Ne4 19. Rc1 Bxe5 20. dxe5 Qa5 21. Bxe4
dxe4 22. Nc5 Bg6 23. Nxb7 Rxb7 24. Rxc6 Rxb2 25. Rxe6 Qxa3 26. Bc1 Qb3 27. Rxg6
hxg6 28. Bxb2 Qxb2 29. Qd5+ Kh7 30. Qxe4 a5 31. h4 Kh6 32. h5 gxh5 33. Rf3 Qb4
34. Qc6+ Kh7 35. Rg3 Qb1+ 36. Kh2 Rxf4 37. Qd7 Rh4+ 38. Rh3 Qe4 39. e6 Qe5+ 40.
Kg1 Qc5+ 41. Kh2 Rd4 42. Qf7 Qe5+ 43. Kg1 Rd1+ 44. Kf2 Qe1+ 45. Kf3 Rd3+ 46.
Kf4 Qc1+ 0-1

[Event "22. Torneo Int. Collado Villalba"]
[Site "Collado Villalba ESP"]
[Date "2005.08.23"]
[Round "4.10"]
[White "Elissalt Cardenas, Hector"]
[Black "Kalashnikov, Alexey L"]
[Result "1-0"]
[WhiteElo "2317"]
[BlackElo "2214"]
[PlyCount "77"]
[EventDate "2005.08.20"]
[EventType "swiss"]
[EventRounds "9"]
[EventCountry "ESP"]
[Source "lmi"]
[SourceDate "2005.08.27"]

1. d4 d5 2. c4 e6 3. Nc3 Nf6 4. Bg5 Be7 5. e3 O-O 6. Nf3 h6 7. Bh4 b6 8. Bxf6
Bxf6 9. cxd5 exd5 10. Be2 Be6 11. O-O c5 12. Qa4 Qe7 13. dxc5 bxc5 14. Rad1 Rd8
15. Rd2 Qb7 16. Rfd1 Bxc3 17. bxc3 Nd7 18. Qa3 Qc7 19. Ne1 Nb6 20. Qa5 Qe7 21.
Nc2 Rac8 22. Na3 Rd7 23. Nb5 Rb8 24. e4 dxe4 25. Rxd7 Nxd7 26. Qxa7 Rf8 27. Qb7
f5 28. a4 Kh7 29. a5 Qg5 30. a6 Ne5 31. a7 Bc4 32. Bxc4 Nf3+ 33. Kh1 Rd8 34.
Ra1 Qh5 35. h3 Ng5 36. Bf1 Nxh3 37. gxh3 Qf3+ 38. Bg2 Qxf2 39. a8=Q 1-0

[Event "22. Torneo Int. Collado Villalba"]
[Site "Collado Villalba ESP"]
[Date "2005.08.24"]
[Round "5.1"]
[White "Timoshenko, Georgy"]
[Black "Vazquez, Renier"]
[Result "1/2-1/2"]
[WhiteElo "2543"]
[BlackElo "2496"]
[PlyCount "146"]
[EventDate "2005.08.20"]
[EventType "swiss"]
[EventRounds "9"]
[EventCountry "ESP"]
[Source "lmi"]
[SourceDate "2005.08.27"]

1. d4 Nf6 2. c4 e6 3. Nf3 d5 4. Nc3 Be7 5. Bf4 O-O 6. e3 c5 7. dxc5 Bxc5 8.
cxd5 exd5 9. Rc1 Nc6 10. Be2 d4 11. exd4 Bxd4 12. O-O Bf5 13. Qb3 Bxc3 14. bxc3
Qe7 15. Rfe1 Be6 16. Qb1 h6 17. Bc4 Nh5 18. Bg3 Nxg3 19. hxg3 Rae8 20. Bxe6
fxe6 21. Re3 Qf7 22. Rce1 Re7 23. R1e2 Rd8 24. g4 Qf4 25. Re4 Qf6 26. Qc2 Rd5
27. R4e3 Qf4 28. Qg6 Rd1+ 29. Ne1 Qf6 30. Qe4 Nd8 31. g3 b6 32. Kg2 Rd6 33. Nf3
Nf7 34. Nd4 Re8 35. Qb7 Qg5 36. Rf3 Re7 37. Qa8+ Rd8 38. Qe4 Rde8 39. Rfe3 Qc5
40. Qg6 Qd5+ 41. Kh2 Nh8 42. Qb1 Nf7 43. Qe1 e5 44. Nf5 Re6 45. Rd2 Qc6 46. Qd1
g6 47. Nh4 e4 48. Kh3 Ng5+ 49. Kg2 Rf6 50. Rd7 Ref8 51. Rd2 R8f7 52. a4 Kg7 53.
Qb3 Qc5 54. c4 Qc8 55. Qd1 Qxc4 56. Qa1 Kh7 57. Rc3 Qe6 58. Qd1 Nf3 59. Nxf3
exf3+ 60. Kh3 h5 61. Rd4 hxg4+ 62. Kh2 Rf5 63. Re3 Rh5+ 64. Kg1 Qxe3 65. fxe3
f2+ 66. Kg2 f1=Q+ 67. Qxf1 Rh2+ 68. Kxh2 Rxf1 69. Rxg4 Rf5 70. Rd4 Kh6 71. Kg2
b5 72. axb5 Rxb5 73. Rd7 a5 1/2-1/2

[Event "22. Torneo Int. Collado Villalba"]
[Site "Collado Villalba ESP"]
[Date "2005.08.24"]
[Round "5.2"]
[White "Mateo, Ramon"]
[Black "Suba, Mihai"]
[Result "1-0"]
[WhiteElo "2434"]
[BlackElo "2520"]
[PlyCount "71"]
[EventDate "2005.08.20"]
[EventType "swiss"]
[EventRounds "9"]
[EventCountry "ESP"]
[Source "lmi"]
[SourceDate "2005.08.27"]

1. d4 Nf6 2. Nf3 e6 3. Bg5 h6 4. Bh4 d6 5. c4 g5 6. Bg3 Nh5 7. e3 Bg7 8. Nc3
Nc6 9. Nd2 Nxg3 10. hxg3 Bd7 11. Bd3 Qe7 12. a3 O-O-O 13. Qc2 f5 14. O-O-O f4
15. gxf4 gxf4 16. Nde4 fxe3 17. fxe3 h5 18. Kb1 h4 19. Rc1 Kb8 20. Nb5 Rc8 21.
Qe2 Be8 22. Bc2 Bh5 23. Qe1 Bf7 24. Rh3 d5 25. Nc5 e5 26. cxd5 Bxd5 27. Bf5
Bxg2 28. Bxc8 Kxc8 29. d5 Bxd5 30. e4 Bf7 31. Nxa7+ Nxa7 32. Qa5 Kb8 33. Qb4
Qxc5 34. Qxc5 Nc6 35. Qf2 Rf8 36. Rf3 1-0

[Event "22. Torneo Int. Collado Villalba"]
[Site "Collado Villalba ESP"]
[Date "2005.08.24"]
[Round "5.4"]
[White "Neelotpal, Das"]
[Black "Elissalt Cardenas, Hector"]
[Result "1-0"]
[WhiteElo "2467"]
[BlackElo "2317"]
[PlyCount "143"]
[EventDate "2005.08.20"]
[EventType "swiss"]
[EventRounds "9"]
[EventCountry "ESP"]
[Source "lmi"]
[SourceDate "2005.08.27"]

1. Nf3 f5 2. g3 Nf6 3. Bg2 g6 4. b3 Bg7 5. Bb2 c5 6. e3 O-O 7. O-O Nc6 8. c4 d6
9. d4 Ne4 10. Nbd2 Nxd2 11. Qxd2 cxd4 12. Nxd4 Ne5 13. Rad1 Qb6 14. Ne2 Be6 15.
Bd4 Qc7 16. Qb2 Bf6 17. Nf4 Bf7 18. h4 Rac8 19. Rfe1 a6 20. a4 Rb8 21. e4 b5
22. axb5 axb5 23. Nd5 Bxd5 24. cxd5 fxe4 25. Rxe4 b4 26. Qe2 Rb7 27. h5 Qc8 28.
f4 Nf7 29. Kh2 Nh6 30. Bh3 Nf5 31. Bf2 Rc7 32. Rd2 Bc3 33. Rc2 Qb7 34. g4 Nh6
35. g5 Nf5 36. hxg6 hxg6 37. Re6 Ng7 38. Rxg6 Rxf4 39. Bg3 Be5 40. Rxc7 Qxc7
41. Bxf4 Bxf4+ 42. Kg2 Qc3 43. Be6+ Kf8 44. Rh6 Qg3+ 45. Kf1 Nxe6 46. Rxe6 Bxg5
47. Qf2+ Qxf2+ 48. Kxf2 Bd2 49. Ke2 Bc3 50. Kd3 Kf7 51. Kc4 Ke8 52. Kb5 Kd7 53.
Re4 Bd2 54. Kb6 Bc3 55. Kb7 Bd2 56. Kb6 Bc3 57. Rc4 Bd2 58. Rc7+ Ke8 59. Rc2
Bc3 60. Kc7 Bd4 61. Rg2 Bc3 62. Rg6 Bd2 63. Rg8+ Kf7 64. Rg2 Bc3 65. Kd7 Kf6
66. Re2 Kf5 67. Rxe7 Be5 68. Kc6 Ke4 69. Rb7 Bc3 70. Kxd6 Kd3 71. Ke6 Kc2 72.
d6 1-0

[Event "22. Torneo Int. Collado Villalba"]
[Site "Collado Villalba ESP"]
[Date "2005.08.24"]
[Round "5.5"]
[White "Gonzalez Menendez, Ivan"]
[Black "Rivas Pastor, Manuel"]
[Result "1/2-1/2"]
[WhiteElo "2381"]
[BlackElo "2445"]
[PlyCount "118"]
[EventDate "2005.08.20"]
[EventType "swiss"]
[EventRounds "9"]
[EventCountry "ESP"]
[Source "lmi"]
[SourceDate "2005.08.27"]

1. e4 e6 2. d4 d5 3. Nd2 Be7 4. Ngf3 Nf6 5. e5 Nfd7 6. Bd3 c5 7. c3 cxd4 8.
cxd4 b6 9. O-O Ba6 10. Ne1 Bxd3 11. Nxd3 Nc6 12. Qg4 Nf8 13. Nf4 h5 14. Qxg7
Rh7 15. Qg3 Nxd4 16. Qd3 Nf5 17. Nf3 Ng6 18. Bd2 Kf8 19. Rac1 Nxf4 20. Bxf4 Kg7
21. Rc3 Rc8 22. Rfc1 Rxc3 23. Qxc3 Rh8 24. Qc7 Qxc7 25. Rxc7 Kg6 26. h3 h4 27.
Rxa7 Rc8 28. Be3 Rc2 29. Nd4 Nxd4 30. Bxd4 Bc5 31. Rc7 Rd2 32. Bxc5 bxc5 33.
Rxc5 Rxb2 34. a4 Ra2 35. a5 Ra1+ 36. Kh2 Kf5 37. Rc7 d4 38. Rxf7+ Ke4 39. g4
hxg3+ 40. Kxg3 d3 41. Rd7 Rxa5 42. h4 Rxe5 43. Rd6 Rd5 44. Rxe6+ Kd4 45. Kf3
Rf5+ 46. Kg4 Re5 47. Rd6+ Rd5 48. Ra6 d2 49. Ra1 Kc3 50. h5 d1=Q+ 51. Rxd1 Rxd1
52. h6 Kd4 53. Kf5 Rh1 54. Kg6 Ke5 55. h7 Ke6 56. Kg7 Rg1+ 57. Kf8 Rh1 58. Kg7
Rg1+ 59. Kf8 Rh1 1/2-1/2